विश्व हिंदी शब्दकोश / (Record no. 32626)

MARC details
000 -LEADER
fixed length control field 02940nam a22002777a 4500
005 - DATE AND TIME OF LATEST TRANSACTION
control field 2009121201301.0
020 ## - INTERNATIONAL STANDARD BOOK NUMBER
International Standard Book Number 8179870553
Terms of availability 125.00
035 ## - SYSTEM CONTROL NUMBER
System control number B-376905-912
037 ## - SOURCE OF ACQUISITION
Source of stock number/acquisition विश्व बुक्स
082 ## - DEWEY DECIMAL CLASSIFICATION NUMBER
Classification number 423
245 ## - TITLE STATEMENT
Title विश्व हिंदी शब्दकोश /
Statement of responsibility, etc राकेश नाथ द्वारा संपादित
260 ## - PUBLICATION, DISTRIBUTION, ETC. (IMPRINT)
Place of publication, distribution, etc नई दिल्ली
Name of publisher, distributor, etc विश्व बुक्स
Date of publication, distribution, etc 2009
270 ## - ADDRESS
Address बी-1/ई-7, मोहन कॉपरेटिव, बदरपुर
City नई दिल्ली
Postal code 110044
Telephone number 51678715
Electronic mail address mybook@vishvbook.com
300 ## - PHYSICAL DESCRIPTION
Extent 368पृ.
Dimensions 22सेमी (अजिल्द)
700 ## - ADDED ENTRY--PERSONAL NAME
Personal name नाथ, राकेश
9 (RLIN) 810
942 ## - ADDED ENTRY ELEMENTS (KOHA)
Source of classification or shelving scheme Dewey Decimal Classification
Item type Children Books
Call number suffix विश्वहिं
Classification part 423
Holdings
Withdrawn status Lost status Not for loan Collection code Home library Current library Date acquired Source of acquisition Cost, normal purchase price Full call number Barcode Copy number Cost, replacement price Koha item type
      Non-fiction Central Library Central Library 23/07/2010 विश्व विजय बुक्स/2574/08.02.10/344/21.01.10/20.02.10 125.00 423 विश्वहिं B-376905 1 125.00 Children Books
Withdrawn     Non-fiction Janak Puri Janak Puri 23/07/2010 विश्व विजय बुक्स/2574/08.02.10/344/21.01.10/20.02.10 125.00 423 विश्वहिं B-376907 2 125.00 Children Books
      Non-fiction Janak Puri Janak Puri 23/07/2010 विश्व विजय बुक्स/2574/08.02.10/344/21.01.10/20.02.10 125.00 423 विश्वहिं B-376908 2 125.00 Children Books
      Non-fiction Narela Narela 23/07/2010 विश्व विजय बुक्स/2574/08.02.10/344/21.01.10/20.02.10 125.00 423 विश्वहिं B-376911 1 125.00 Children Books
  Written-off vide DLB M. No. 383 dt 16.05.19   Non-fiction Patel Nagar Patel Nagar 23/07/2010 विश्व विजय बुक्स/2574/08.02.10/344/21.01.10/20.02.10 125.00 423 विश्वहिं B-376906 1 125.00 Children Books
Withdrawn     Non-fiction Sarojini Nagar Sarojini Nagar 23/07/2010 विश्व विजय बुक्स/2574/08.02.10/344/21.01.10/20.02.10 125.00 423 विश्वहिं B-376909 1 125.00 Children Books
  Written-off vide DLB M. No. 383 dt 16.05.19   Non-fiction Shahdara Branch Shahdara Branch 23/07/2010 विश्व विजय बुक्स/2574/08.02.10/344/21.01.10/20.02.10 125.00 423 विश्वहिं B-376912 1 125.00 Children Books
      Non-fiction Vinoba Puri Vinoba Puri 23/07/2010 विश्व विजय बुक्स/2574/08.02.10/344/21.01.10/20.02.10 125.00 423 विश्वहिं B-376910 1 125.00 Children Books

© Delhi Public Library
Hit Counter
free hit counter